000 00285nam a22001337a 4500
008 170828b xxu||||| |||| 00| 0 eng d
020 _a0891720014
041 _aeng
080 _a070
100 _a39
101 _aMED
245 _aAMERICAN PHOTOGRAPHS
_cEVAN.W
942 _2udc
_cBK
999 _c25134
_d25134